000 00742cam a22002411i 4500
001 119115
005 20230410115442.0
008 130930s2014 mau 000 0 eng
010 _a 2013039031
020 _a9781625270832 (alk. paper)
050 1 4 _aHD 69
_bM266 2014
245 0 0 _aManaging projects :
_bcreate your schedule, monitor your budget, meet your goals.
264 1 _aBoston, Massachusetts :
_bHarvard Business Review Press,
_c[2014]
300 _aix, 129 pages ;
_c18 cm.
336 _atext
_2rdacontent
337 _aunmediated
_2rdamedia
338 _avolume
_2rdacarrier
490 0 _a20 minute manager series
650 0 _aProject management.
650 4 _aGestión de proyectos.
942 _2lcc
_cbk
946 _aSH
999 _c41464
_d41464